000
00286nam a2200109Ia 4500
008
220204s9999 xx 000 0 und d
082
_a
51:62
_b
MOO
100
_a
Moore, Claude S
245
0
_a
Applied mathematics for technicians
260
_a
New Jersey
_b
Prentice Hall
_c
1975
942
_c
BK
999
_c
24894
_d
24894